000 00642nam a22001937a 4500
999 _c181095
_d181095
005 20210831143848.0
010 _aUR-11217
020 _c200.00
_a9788194848158
035 _aU-9772
037 _bDBAD/PUB
082 _a841
100 _aسيد صبحا ن ا نجم
245 _aثو ا بو ں کے تحفے
_cسيد صبحا ن ا نجم
246 _aSawabon Ke Tohfe (Urdu)
_bby Syed Subhan Anjum
260 _aDelhi
_c2020 ء
_bEducational Publishing House
270 _a3191,Vakil Street, Kucha Pandit Lal Kuan,
_b Delhi
_e110006
_l23216162
300 _a128 ص
_c22 Cm(Hb)
942 _2ddc
_cUR
_h841
_mا ن ج